| 000 -LEADER |
| fixed length control field |
00691nam a2200229Ia 4500 |
| 001 - CONTROL NUMBER |
| control field |
16748 |
| 003 - CONTROL NUMBER IDENTIFIER |
| control field |
GE_BSU |
| 008 - FIXED-LENGTH DATA ELEMENTS--GENERAL INFORMATION |
| fixed length control field |
181216s||||||||xx |||||||||||||| ||und|| |
| 040 ## - CATALOGING SOURCE |
| Transcribing agency |
GE_BSU |
| 080 ## - UNIVERSAL DECIMAL CLASSIFICATION NUMBER |
| Universal Decimal Classification number |
821.353.1-2 |
| 100 ## - MAIN ENTRY--PERSONAL NAME |
| Personal name |
თელია, გიორგი |
| 245 ## - TITLE STATEMENT |
| Title |
ჭეშმარიტი ხმა. |
| 245 ## - TITLE STATEMENT |
| Remainder of title |
პიესა 4 მოქმედებად,11 სურათად |
| 245 ## - TITLE STATEMENT |
| Statement of responsibility, etc. |
რედ.ი.არაბული |
| 260 ## - PUBLICATION, DISTRIBUTION, ETC. |
| Place of publication, distribution, etc. |
თბილისი |
| 260 ## - PUBLICATION, DISTRIBUTION, ETC. |
| Name of publisher, distributor, etc. |
სახელგამი |
| 260 ## - PUBLICATION, DISTRIBUTION, ETC. |
| Date of publication, distribution, etc. |
1957 |
| 300 ## - PHYSICAL DESCRIPTION |
| Extent |
64გვ. ; 20სმ. |
| 653 ## - INDEX TERM--UNCONTROLLED |
| Uncontrolled term |
პიესა |
| 653 ## - INDEX TERM--UNCONTROLLED |
| Uncontrolled term |
ჭეშმარიტი ხმა |
| 942 ## - ADDED ENTRY ELEMENTS (KOHA) |
| Koha item type |
წიგნი |